Centros pilotos: primera experiencia de implementación de las bases curriculares de Educación Parvularia
Guardat en:
| Autors principals: | , , , |
|---|---|
| Format: | Llibre |
| Idioma: | espanyol |
| Publicat: |
Santiago
Mineduc
2002
Santiago Unicef 2002 |
| Col·lecció: | Iniciando Cambios
|
| Matèries: | |
| Etiquetes: |
Afegir etiqueta
Sense etiquetes, Sigues el primer a etiquetar aquest registre!
|
MARC
| LEADER | 00000nam a2200000 a 4500 | ||
|---|---|---|---|
| 001 | UCL1891 | ||
| 003 | CL-VaPUC | ||
| 008 | 030926e20020000cl |||||||||||||||||spa|d | ||
| 082 | 0 | 4 | |a 372.19 |b DIA |2 21 |
| 100 | 0 | |a Díaz P., María Isabel |e author |9 478809 | |
| 700 | 0 | |a Muñoz B., Adriana |e author |9 478810 | |
| 700 | 0 | |a Peralta Espinosa, María Victoria |e author |9 478811 | |
| 700 | 0 | |a Verdugo R., Marisol |e author |9 478812 | |
| 245 | 1 | 0 | |a Centros pilotos: primera experiencia de implementación de las bases curriculares de Educación Parvularia |
| 300 | |a 71 p | ||
| 942 | |c BK | ||
| 945 | |d 20030926 00:00:00 |a cmena | ||
| 260 | |a Santiago |b Mineduc |c 2002 | ||
| 260 | |a Santiago |b Unicef |c 2002 | ||
| 650 | 0 | |a Educación preescolar |9 260381 | |
| 650 | 0 | |a Planificación del currículo |9 269599 | |
| 490 | 0 | |a Iniciando Cambios | |
| 999 | |c 305330 |d 305328 | ||
| 583 | |k Rodrigo Vera | ||
| 952 | |0 0 |1 0 |4 0 |6 372_190000000000000_DIA_2002_2002 |7 0 |8 A |9 368795 |a BIBEDU |b BIBEDU |d 2019-11-21 |i 394221K |o 372.19 DIA 2002 2002 |p 394221K |r 2019-11-21 |w 2019-11-21 |y BK |k PAR | ||
| 952 | |0 0 |1 0 |4 0 |6 372_190000000000000_DIA_2002_2002 |7 0 |8 A |9 368796 |a BIBEDU |b BIBEDU |d 2019-11-21 |i 4195469 |o 372.19 DIA 2002 2002 |p 4195469 |r 2019-11-21 |w 2019-11-21 |y BK |k EBA | ||